The nine myths of aging : maximizing the quality of later life (Record no. 61368)

MARC details
000 -LEADER
fixed length control field 00747nam a2200241Ia 4500
008 - FIXED-LENGTH DATA ELEMENTS--GENERAL INFORMATION
fixed length control field 191130s1998##################000#0#eng##
020 ## - INTERNATIONAL STANDARD BOOK NUMBER
ISBN 9780716731047
082 ## - DEWEY DECIMAL CLASSIFICATION NUMBER
Classification number 305.26 POW
100 ## - MAIN ENTRY--AUTHOR NAME
Personal name Powell, Douglas H
245 ## - TITLE STATEMENT
Title The nine myths of aging : maximizing the quality of later life
Statement of responsibility, etc Douglas H. Powell
260 ## - PUBLICATION, DISTRIBUTION, ETC. (IMPRINT)
Place of publication New York
Name of publisher W. H. Freeman
Year of publication c1998
300 ## - PHYSICAL DESCRIPTION
Number of Pages ix, 246 p. ; 24 cm
500 ## - GENERAL NOTE
General note Includes bibliographical references (p. 205-234) and indexes
650 ## - SUBJECT ADDED ENTRY--TOPICAL TERM
Topical Term Aging
Topical Term Older people - Health and hygiene
Topical Term Older people - Psychology
Topical Term Quality of Life
991 ## -
-- 204080
Holdings
Withdrawn status Lost status Damaged status Not for loan Home library Current library Shelving location Date acquired Full call number Accession Number Price effective from Koha item type
        Anna Centenary Library Anna Centenary Library 3RD FLOOR, B WING 09.10.2020 305.26 POW 309262 09.10.2020 English Books

Find us on the map